00408 a2200121 4500001001000000005001700010008004100027245008200068100002400150700002100174773007400195999001700269ART_1068020260410161831.0260409a 10aEl complejo oleajinoso argentino frente al proteccionismo mundial en los ´901 aSonnet, Fernando H.1 aLamfre, Laura S.0 tActualidad Económicag- Año XII, Nº 53 (ago./dic. 2002)wREV5083 c23199d23199